Computational fluid dynamics , volume-1 (Record no. 576604)

000 -LEADER
fixed length control field 00371nam a22001337a 4500
020 ## - INTERNATIONAL STANDARD BOOK NUMBER
International Standard Book Number 0962373109
082 ## - DEWEY DECIMAL CLASSIFICATION NUMBER
Classification number 620.1064 HOF
100 ## - MAIN ENTRY--PERSONAL NAME
Personal name Hoffmann, Klaus A , Hoffmann, Klaus A ,
9 (RLIN) 69230
245 ## - TITLE STATEMENT
Title Computational fluid dynamics , volume-1
250 ## - EDITION STATEMENT
Edition statement 4TH
260 ## - PUBLICATION, DISTRIBUTION, ETC.
Place of publication, distribution, etc. USA
Name of publisher, distributor, etc. A PUBLICATION OF ENGINEERING EDUCATION SYSTEM
Date of publication, distribution, etc. 2000
300 ## - PHYSICAL DESCRIPTION
Extent XI, 486P
942 ## - ADDED ENTRY ELEMENTS (KOHA)
Koha item type Book
Holdings
Withdrawn status Lost status Damaged status Not for loan Permanent Location Current Location Shelving location Date acquired Total Checkouts Full call number Barcode Date last seen Price effective from Koha item type
        College of Electrical & Mechanical Engineering (CEME) College of Electrical & Mechanical Engineering (CEME) General Stacks 08/16/2017   620.1064 HOF CEME-49129 06/28/2021 06/28/2021 Book
        College of Electrical & Mechanical Engineering (CEME) College of Electrical & Mechanical Engineering (CEME) General Stacks 08/16/2017   620.1064 HOF CEME-49130 06/28/2021 06/28/2021 Book
        College of Electrical & Mechanical Engineering (CEME) College of Electrical & Mechanical Engineering (CEME) General Stacks 08/16/2017   620.1064 HOF CEME-49131 06/28/2021 06/28/2021 Book
        College of Electrical & Mechanical Engineering (CEME) College of Electrical & Mechanical Engineering (CEME) General Stacks 08/16/2017   620.1064 HOF CEME-49132 06/28/2021 06/28/2021 Book
        College of Electrical & Mechanical Engineering (CEME) College of Electrical & Mechanical Engineering (CEME) General Stacks 08/16/2017   620.1064 HOF CEME-49133 06/28/2021 06/28/2021 Book
© 2023 Central Library, National University of Sciences and Technology. All Rights Reserved.